000 01565nam0a2200409 4500
001 RU\NLR\bibl\352834
005 20250621154200.0
010 _a5-222-02232-3
_bВ пер.
_910000
021 _aRU
_b2002-51428
_92488
035 _a(NLR Aleph) 000347536
090 _a255260
_c255260
100 _a20021219d2002 |||y0rusy50 ca
101 0 _arus
102 _aRU
105 _aa |||||||||
200 1 _aРуководство по технике массажа и мануальной терапии
_fС. И. Латогуз
205 _a2-е изд., перераб. и доп.
210 _aРостов н/Д
_aХарьков
_cФеникс
_cТорсинг
_d2002
215 _a511,[1] с.
_cил.
_d21
225 1 _aСерия "Медицина для вас"
320 _aБиблиогр.: с. 501-505
606 0 _aМассаж
_jРуководства, пособия и т.п.
_xМетодика и техника
_91567005
_3RU\NLR\auth\66686174
606 0 _aМануальная терапия
_jРуководства, пособия и т.п.
_xМетодика и техника
_92252882
_3RU\NLR\auth\661351207
610 0 _aМассаж
610 0 _aМанипулятивная терапия
675 _a615.82
_v3
_zrus
686 _a76.29
_2rugasnti
686 _a53.54
_2rubbk
686 _aР354.12я7
686 _aР354.15я7
700 1 _aЛатогуз
_bС. И.
_4070
801 0 _aRU
_bRKP
_c20021219
_gPSBO
801 1 _aRU
_bRKP
_c20021219
801 2 _aRU
_bNLR
_c20030204
_grcr
942 _cBOOK
980 _aNB